BEYONCÉ DISCOGRAPHY QUIZ - Statistics

General Stats
  • This quiz has been taken 17 times
  • The average score is 91 of 314
Answer Stats
Answer % Correct
Crazy In Love
78%
Dangerously In Love
78%
CHURCH GIRL
67%
Deja Vu
67%
Drunk in Love
67%
Free
67%
Halo
67%
I’M THAT GIRL
67%
Love
67%
16 CARRIAGES
56%
6 Inch
56%
7/11
56%
ALL UP IN YOUR MIND
56%
AMERICA HAS A PROBLEM
56%
AMERIICAN REQUIEM
56%
Baby Boy
56%
Beautiful Liar
56%
Bills, Bills, Bills
56%
BLACKBIIRD
56%
Bootylicious
56%
BREAK MY SOUL
56%
Countdown
56%
COZY
56%
CUFF IT
56%
Daddy
56%
Diva
56%
Ego
56%
Formation
56%
Freakum Dress
56%
Freedom
56%
Haunted
56%
HEATED
56%
Hold Up
56%
If
56%
If I Were A Boy
56%
II HANDS II HEAVEN
56%
Irreplaceable
56%
Listen
56%
MOVE
56%
PLASTIC OFF THE SOFA
56%
Pretty Hurts
56%
RIIVERDANCE
56%
Ring The Alarm
56%
Run The World (Girls)
56%
Satellites
56%
Say My Name
56%
Schoolin’ Life
56%
SUMMER
56%
SUMMER RENAISSANCE
56%
TEXAS HOLD ‘EM
56%
THIQUE
56%
TYRANT
56%
Video Phone
56%
VIRGO’S GROOVE
56%
1+1
44%
ALLIIGATOR TEARS
44%
All Night
44%
AMEN
44%
Best Thing I Never Had
44%
Beyoncé Interlude
44%
Blow
44%
Blue
44%
BODYGUARD
44%
Daddy Lessons
44%
Disappear
44%
DOLLY P
44%
Don’t Hurt Yourself
44%
End of Time
44%
ENERGY
44%
FLAMENCO
44%
Forward
44%
Get Me Bodied
44%
Gift from Virgo
44%
Girl
44%
II MOST WANTED
44%
Jealous
44%
Kitty Kat
44%
LEVII’S JEANS
44%
Lose My Breath
44%
Love On Top
44%
Me, Myself and I
44%
MY POWER
44%
MY ROSE
44%
Naughty Girl
44%
Partition
44%
Pray
44%
Pray You Catch Me
44%
PROTECTOR
44%
PURE/HONEY
44%
Radio
44%
Sandcastles
44%
Signs
44%
Single Ladies (Put A Ring On It)
44%
Soldier
44%
Sorry
44%
Sorry - Original Demo
44%
SPAGHETTII
44%
Superpower
44%
Sweet Dreams
44%
SWEET HONEY BUCKIIN’
44%
Telephone
44%
Welcome To Hollywood
44%
Why Don’t You Love Me
44%
XO
44%
ALIEN SUPERSTAR
33%
Amor Gitano
33%
Ave Maria
33%
Be With You
33%
BLACK PARADE
33%
Broken-Hearted Girl
33%
Bug a Boo
33%
Cater 2 U
33%
Check On It
33%
DESERT EAGLE
33%
Emotion
33%
FIND YOUR WAY BACK
33%
***Flawless
33%
FRIENDS
33%
Green Light
33%
Grown Woman
33%
Heaven
33%
Hey Ladies
33%
Hip Hop Star
33%
I Care
33%
If You Leave
33%
I Miss You
33%
Is She The Reason
33%
I Was Here
33%
JOLENE
33%
JUST FOR FUN
33%
Love Drought
33%
Mine
33%
MOOD 4 EVA
33%
MY HOUSE
33%
Nasty Girl
33%
NICE
33%
NILE
33%
No Angel
33%
OTHERSIDE
33%
Party
33%
Resentment
33%
Ring Off
33%
Rocket
33%
Save The Hero
33%
Second Nature
33%
SMOKE HOUR
33%
So Good
33%
Speechless
33%
Standing on the Sun Remix
33%
Suga Mama
33%
Survivor
33%
Temptation
33%
That’s How You Like It
33%
That’s Why You’re Beautiful
33%
The Closer I Get To You
33%
THE LINDA MARTELL SHOW
33%
Through With Love
33%
Top Off
33%
T-Shirt
33%
Upgrade U
33%
WATER
33%
Where’d You Go
33%
Work It Out
33%
World Wide Woman
33%
YA YA
33%
Yes
33%
’03 Bonnie and Clyde
22%
713
22%
8 Days of Christmas
22%
ALREADY
22%
APESH**
22%
Bad Habit
22%
Before I Let Go
22%
BIGGER
22%
Birthday
22%
BLACK EFFECT
22%
Blow Remix
22%
BOSS
22%
BROWN SKIN GIRL
22%
Confessions
22%
Dance for You
22%
Drunk in Love Remix
22%
Fancy
22%
Feeling Myself
22%
Flaws and All
22%
Game Over
22%
HEARD ABOUT US
22%
Hello
22%
I Been On
22%
Jumpin’ Jumpin’
22%
Killing Time
22%
LOVEHAPPY
22%
No, No, No Pt.1
22%
No, No, No Pt.2
22%
Now That She’s Gone
22%
Perfect Duet
22%
Rather Die Young
22%
Runnin’
22%
Sail On
22%
Scared of Lonely
22%
Sexy Daddy
22%
She Can’t Love You
22%
Shining
22%
Smash Into You
22%
SMOKE HOUR II
22%
SPIRIT
22%
Stand Up For Love
22%
Start Over
22%
Stay
22%
Sweet Sixteen
22%
Tell Me
22%
TEXAS HOLD ‘EM (PONY UP)
22%
Until The End Of Time
22%
A “DC” Christmas Medley
11%
AMERICA HAS A PROBLEM REMIX
11%
Apple Pie À La Mode
11%
At Last
11%
BREAK MY SOUL - THE QUEENS REMIX
11%
Bridges
11%
Brown Eyes
11%
CUFF IT - WETTER REMIX
11%
Daddy Lessons Remix
11%
DAUGHTER
11%
Die With You
11%
DubiLLusions
11%
Ego - Remix
11%
Encore For The Fans
11%
Flawless Remix
11%
Get On The Bus
11%
Gospel Medley
11%
Happy Face
11%
Hollywood
11%
Honesty
11%
Illusion
11%
Independent Women Part I
11%
Independent Women Part II
11%
Intro (The Writing’s On The Wall)
11%
I Wanna Be Where You Are
11%
Lift Off
11%
My Heart Still Beats
11%
My Time Has Come
11%
Naive
11%
OH LOUISIANA
11%
O’ Holy Night
11%
Outro
11%
Part II (On The Run)
11%
Perfect Man
11%
Pink + White
11%
Put It In a Love Song
11%
Rudolph The Red-Nosed Reindeer
11%
Salud!
11%
Savage Remix
11%
Say Yes
11%
Silent Night
11%
White Christmas
11%
Winter Paradise
11%
With Me Part I
11%
With Me Part II
11%
You Changed
11%
632-5792
0%
After All Is Said And Done
0%
Be Alive
0%
Blue Velvet
0%
Boyfriend
0%
Boy I Want You
0%
Carol of the Bells
0%
Crazy Feelings
0%
Dance With Me
0%
DELRESTO (ECHOES)
0%
Do You Hear What I Hear?
0%
Dreamgirls
0%
Everything I Do
0%
Fake Your Way To The Top
0%
Family
0%
Family Feud
0%
Feel The Same Way I Do
0%
Girls Tyme Fun
0%
God Bless The Child (Intro)
0%
Home For The Holidays
0%
Hymn for the Weekend
0%
I’d Rather Go Blind
0%
I Got That
0%
In My City
0%
It’s All Over
0%
I Want You Baby
0%
Know That
0%
Little Drummer Boy
0%
Love A Woman
0%
Love In This Club Pt.II
0%
Make Me Say It Again, Girl
0%
Move - Highlights Version
0%
Nothing out There for Me
0%
Once In A Lifetime
0%
One Night Only
0%
Outro (DC-3)
0%
Platinum Bells
0%
Say It Ain’t So
0%
Show Me The Way
0%
So Amazing
0%
Spread a Little Love On Christmas Day
0%
Summertime
0%
Sunshine
0%
Take ‘Em 2 Another Level
0%
Talking ‘Bout My Baby
0%
Teacher Fried My Brain
0%
The Story Of Beauty
0%
This Christmas
0%
Turnt
0%
Venus vs. Mars
0%
When I First Saw You
0%
When I Laid My Eyes On You
0%
YOU’RE THE ONLY ONE
0%
No matching quizzes found
Score Distribution
Percent of People with Each Score
Percentile by Number Answered
Your Score History
You have not taken this quiz